Poštová banka na ceste k dynamike a rozmachu

Postavenie a činnosť Poštovej banky, a.s. Služby poskytované obyvateľstvu: vkladné knižky, vkladové certifikáty, osobné účty. Inovácia poštového platobného styku: bankové zloženky, šekové poukážky.

Gespeichert in:
Bibliographische Detailangaben
1. Verfasser: Lônčík, M.
Format: Buchkapitel
Sprache:Slowakisch
Schlagworte:
Tags: Tag hinzufügen
Keine Tags, Fügen Sie das erste Tag hinzu!

MARC

LEADER 00000naa a2200000 4500
001 r024980
005 20221213095411.2
041 0 |a slo 
044 |a SK 
245 1 0 |a Poštová banka na ceste k dynamike a rozmachu  |c M. Lônčík 
520 |a Postavenie a činnosť Poštovej banky, a.s. Služby poskytované obyvateľstvu: vkladné knižky, vkladové certifikáty, osobné účty. Inovácia poštového platobného styku: bankové zloženky, šekové poukážky. 
610 2 0 |a banky 
610 2 0 |a banky poštové 
610 2 0 |a Poštová banka, a.s. Bratislava 
610 2 0 |a Slovensko 
610 2 0 |a služby 
610 2 0 |a knižky vkladné 
100 1 |a Lônčík, M.